Beste Platzierung bei der Fußball-Europameisterschaft - Statistiken

Allgemein
  • Dieses Quiz wurde 69 mal gespielt
    44 seit der letzten Aktualisierung
  • Das Durchschnittsergebnis liegt bei 17 aus 36
Antwortstatistiken
Hint Antwort % Korrekt
Italien Sieger
97%
Lettland Gruppenphase
88%
Griechenland Sieger
82%
Portugal Sieger
79%
Nordmazedonien Gruppenphase
76%
Spanien Sieger
76%
Niederlande Sieger
74%
Frankreich Sieger
74%
Deutschland Sieger
74%
Albanien Gruppenphase
71%
Finnland Gruppenphase
59%
Schottland Gruppenphase
53%
Norwegen Gruppenphase
53%
Dänemark Sieger
53%
Türkei Halbfinale
50%
Schweiz Viertelfinale
47%
Bulgarien Gruppenphase
41%
Island Viertelfinale
41%
Georgien Achtelfinale
38%
Wales Halbfinale
38%
Tschechien Sieger
35%
Belgien Zweiter Platz
35%
Schweden Halbfinale
32%
Russland Sieger
32%
Kroatien Viertelfinale
32%
England Zweiter Platz
32%
Irland Achtelfinale
29%
Slowenien Achtelfinale
29%
Ukraine Viertelfinale
29%
Österreich Achtelfinale
26%
Ungarn Halbfinale
26%
Polen Viertelfinale
26%
Nordirland Achtelfinale
18%
Rumänien Viertelfinale
18%
Serbien Zweiter Platz
9%
Slowakei Sieger
3%
Keine übereinstimmenden Quizze gefunden
Verteilung der Resultate
Anzahl Personen mit jedem Resultat
Perzentil nach korrekt beantworteten Fragen
Ihre Resultats-Entwicklung
Sie haben dieses Quiz seit der letzten Aktualisierung nicht gespielt